00974 2200349 4500001002100000005001500021007000300036008004100039020002200080035002000102040001700122041000800139082001100147084001700158090002000175100003000195245003900225250001200264264003300276300003300309336002100342337003000363338002300393500002800416650001000444700004400454700005000498850001000548990002200558990002200580990002200602INLIS00000000000706220260603022213ta260603 0  a978-602-8950-30-5 a0010-0822000036 aSBPUPADbind aind a746.09 a746.09 JER m a746 LAT k L22-9 aAdam JerusalemePengarang1 aMembuka Usaha Butik /cYuni Astuti a.-Cet.3 a.--Yogyakarta :bKTSP,c2012 aiv,75 Hlm :billus. ;c25 cm 2rdacontentateks 2rdamediaatanpa perantara 2rdacarrieravolume aTentang Penulis ,Hlm 76 4abutik aeditor ke-1,Fiki PuspitasariePengarang aeditor ke-2, Listiana SetyaningrumePengarang aPUPAD a35.753/s/DPK/2021 a35.754/s/DPK/2021 a35.759/s/DPK/2021